| 000 | 01284cam a22002891ia4500 | ||
|---|---|---|---|
| 003 | SA-RiAUC | ||
| 005 | 20241002121326.0 | ||
| 008 | 241001s2006 ua g 00000cara c | ||
| 020 | _a9773671208 | ||
| 040 |
_aSA-MaUQU _bara _cSA-RiAUC _erda |
||
| 082 | 0 | 4 | _a920.0569 |
| 090 |
_a920.0569 _bا غ ا |
||
| 100 | 1 |
_aالآغا، ياسين طاهر _eمؤلف. |
|
| 245 | 1 | 0 |
_aأعلام الهدى في بلاد المسجد الأقصى : _bتراجم لأشهر العلماء والدعاة في الأرض المقدسة / _cياسين طاهر الآغا، نبيلة فخري الآغا ؛ راجعه وقدم له عبد الغني التميمي. |
| 250 | _aالطبعة الأولى. | ||
| 264 | 1 |
_aالجيزة، مصر : _bمركز الإعلام العربي، _c2006 |
|
| 300 |
_a2 مجلد ؛ _c24 سم. |
||
| 336 |
_aنص _btxt _2rdacontent _3كتاب |
||
| 337 |
_aبدون وسيط _bn _2rdamedia |
||
| 338 |
_aمجلد _bnc _2rdacarrier |
||
| 490 | 0 |
_aدراسات فلسطينية ؛ _v5 |
|
| 650 | 7 |
_aالدعاة _vتراجم _2aucsh |
|
| 700 | 1 |
_aالآغا، نبيلة فخري مصطفى _eمؤلف. |
|
| 700 | 1 |
_aالتميمي، عبد الغني أحمد جبر مزهر _eمراجع. |
|
| 942 |
_2ddc _cBOOK _n0 |
||
| 949 |
_aSA-JeALM _d241001 _umohamedma123 _n1 |
||
| 999 |
_c790 _d790 |
||